Fußball-Europameisterschaft Städte 2000 - Statistiken

Allgemein
  • Dieses Quiz wurde 50 mal gespielt
  • Das Durchschnittsergebnis liegt bei 6 aus 8
Antwortstatistiken
Bildquiz Antwort % Korrekt
Amsterdam
100%
Brüssel
100%
Rotterdam
100%
Eindhoven
81%
Brügge
79%
Lüttich
76%
Charleroi
38%
Arnheim
31%
Keine übereinstimmenden Quizze gefunden
Verteilung der Resultate
Anzahl Personen mit jedem Resultat
Perzentil nach korrekt beantworteten Fragen
Ihre Resultats-Entwicklung
Sie haben dieses Quiz noch nicht gespielt